LEADER 01790nam 2200529 450 001 996339098203316 005 20230721043723.0 010 $a1-61711-729-3 035 $a(CKB)3780000000079880 035 $a(EBL)3404608 035 $a(OCoLC)492175692 035 $a(SSID)ssj0000371128 035 $a(PQKBManifestationID)12108211 035 $a(PQKBTitleCode)TC0000371128 035 $a(PQKBWorkID)10380374 035 $a(PQKB)11320489 035 $a(MiAaPQ)EBC3404608 035 $a(EXLCZ)993780000000079880 100 $a20071116h20082008 uy| 0 101 0 $aeng 135 $aur|n|---||||| 181 $ctxt 182 $cc 183 $acr 200 00$aCurbside consultation in knee arthroplasty $e49 clinical questions /$fedited by Craig J. Della Valle 210 1$aThorofare, New Jersey :$cSLACK,$d[2008] 210 4$d©2008 215 $a1 online resource (230 p.) 225 0 $aCurbside consultation in orthopedics Curbside consultation in knee arthroplasty 225 0$aCurbside consultation in orthopedics 300 $aDescription based upon print version of record. 311 $a1-55642-824-3 320 $aIncludes bibliographical references. 327 $asection 1. Preoperative questions -- section 2. Intraoperative questions -- section 3. Postoperative questions -- section 4. Revision questions. 606 $aKnee$xSurgery$vMiscellanea 606 $aTotal knee replacement$vMiscellanea 615 0$aKnee$xSurgery 615 0$aTotal knee replacement 676 $a617.582059 701 $aDella Valle$b Craig J$01019082 801 0$bMiAaPQ 801 1$bMiAaPQ 801 2$bMiAaPQ 906 $aBOOK 912 $a996339098203316 996 $aCurbside consultation in knee arthroplasty$92400573 997 $aUNISA LEADER 01955nam0 22004453i 450 001 MIL0102802 005 20251003044223.0 010 $a8815005439 020 $aIT$b848566 100 $a20111110d1984 ||||0itac50 ba 101 | $aita$cita 102 $ait 181 1$6z01$ai $bxxxe 182 1$6z01$an 183 1$6z01$anc$2RDAcarrier 200 1 $aDoppio lavoro e citta meridionale$eˆil ‰doppio lavoro nell'area catanese$funa ricerca di Rita Palidda, Emilio Reyneri, Daniela Timpanaro$ga cura di Emilio Reyneri 210 $aBologna$cIl mulino$d[1984] 215 $a308 p.$ctab.$d22 cm 225 | $aStudi e ricerche$v183 314 $acuratore$9CFIV092112 410 0$1001CFI0001423$12001 $aStudi e ricerche$v183 500 11$aDoppio lavoro e citta meridionale$3CSA0173387$959701 606 $aDoppio lavoro$xCatania$2FIR$3SBLC000169$9I 676 $a331.1209458131$9Mercato del lavoro. Catania .$v20 676 $a331.1250945$9MERCATO DEL LAVORO. MANODOPERA OCCUPATA. Italia$v23 676 $a331.13$9DISFUNZIONI DEL MERCATO DEL LAVORO$v21 676 $a331.130945813$9$v21 696 $aSecondo lavoro 699 $aDoppio lavoro$ySecondo lavoro 702 1$aReyneri$b, Emilio$3CFIV092112 702 1$aPalidda$b, Rita$3CFIV092113 702 1$aTimpanaro$b, Daniela$3CFIV092114 801 3$aIT$bIT-000000$c20111110 850 $aIT-BN0095 901 $bNAP 01$cPOZZO LIB.$nVi sono collocati fondi di economia, periodici di ingegneria e scienze, periodici di economia e statistica e altri fondi comprendenti documenti di economia pervenuti in dono. 912 $aMIL0102802 950 0$aBiblioteca Centralizzata di Ateneo$c1 v.$d 01POZZO LIB.F. SANTI 94$e 0101 0060029615E VMA 1 v. (Precedente collocazione S 180)$fB $h20221107$i20221107 977 $a 01 996 $aDoppio lavoro e citta meridionale$959701 997 $aUNISANNIO